Normal view
MARC view
- Judea Pearl
Entry Personal Name
001 - CONTROL NUMBER
- control field: 10550
003 - CONTROL NUMBER IDENTIFIER
- control field: NUST
005 - DATE AND TIME OF LATEST TRANSACTION
- control field: 20180528075818.0
008 - FIXED-LENGTH DATA ELEMENTS
- fixed length control field: 180528|| aca||aabn | a|a d
040 ## - CATALOGING SOURCE
- Original cataloging agency: NUST
- Transcribing agency: NUST
100 ## - HEADING--PERSONAL NAME
- Personal name: Judea Pearl
670 ## - SOURCE DATA FOUND
- Source citation: Work cat.: (NUST): Judea Pearl , Probabilistic Reasoning in Intelligent Systems , 2006
